000 00539nam a2200169 i 4500
001 63887
003 ES-MaACL
005 20231212062546.0
007 t|
008 031217s1950 sp ||||1| spa d
245 0 3 _aLa Filosofía en sus textos /
_cselección, comentarios e introducciones por Julián Marías.
260 _aBarcelona :
_bLabor,
_c1950 (
_fTall. Graf. Ibero-Americanos)
300 _a2 v. ;
_c23 cm.
700 1 _aMarías, Julián,
_d1914-2005
_976688
852 _aES-MaACL
_jB-1881-82
_bR.29388
999 _c63887
_d63887